<?xml version="1.0" encoding="UTF-8"?><marc:collection xmlns:marc="http://www.loc.gov/MARC21/slim">
  <marc:record>
    <marc:leader>00000nam  2200000zi 4500</marc:leader>
    <marc:controlfield tag="001">9.946234</marc:controlfield>
    <marc:controlfield tag="003">CaOODSP</marc:controlfield>
    <marc:controlfield tag="005">20250109093856</marc:controlfield>
    <marc:controlfield tag="006">m     o  d f      </marc:controlfield>
    <marc:controlfield tag="007">cr mn|||||||||</marc:controlfield>
    <marc:controlfield tag="008">241217e20250109onca    obs  f000 0 eng d</marc:controlfield>
    <marc:datafield tag="020" ind1=" " ind2=" ">
      <marc:subfield code="a">9780660749372</marc:subfield>
    </marc:datafield>
    <marc:datafield tag="040" ind1=" " ind2=" ">
      <marc:subfield code="a">CaOODSP</marc:subfield>
      <marc:subfield code="b">eng</marc:subfield>
      <marc:subfield code="e">rda</marc:subfield>
      <marc:subfield code="c">CaOODSP</marc:subfield>
    </marc:datafield>
    <marc:datafield tag="043" ind1=" " ind2=" ">
      <marc:subfield code="a">n-cn---</marc:subfield>
    </marc:datafield>
    <marc:datafield tag="045" ind1=" " ind2=" ">
      <marc:subfield code="a">y1y2</marc:subfield>
    </marc:datafield>
    <marc:datafield tag="086" ind1="1" ind2=" ">
      <marc:subfield code="a">CS11-621/179E-PDF</marc:subfield>
    </marc:datafield>
    <marc:datafield tag="100" ind1="1" ind2=" ">
      <marc:subfield code="a">McMaster, Megan, </marc:subfield>
      <marc:subfield code="e">author.</marc:subfield>
    </marc:datafield>
    <marc:datafield tag="245" ind1="1" ind2="0">
      <marc:subfield code="a">Workforce insights : </marc:subfield>
      <marc:subfield code="b">demographics in the publishing industries subsector, 2015 to 2023 / </marc:subfield>
      <marc:subfield code="c">by Megan McMaster.</marc:subfield>
    </marc:datafield>
    <marc:datafield tag="264" ind1=" " ind2="1">
      <marc:subfield code="a">[Ottawa] : </marc:subfield>
      <marc:subfield code="b">Statistics Canada = Statistique Canada, </marc:subfield>
      <marc:subfield code="c">January 9, 2025.</marc:subfield>
    </marc:datafield>
    <marc:datafield tag="264" ind1=" " ind2="4">
      <marc:subfield code="c">©2025.</marc:subfield>
    </marc:datafield>
    <marc:datafield tag="300" ind1=" " ind2=" ">
      <marc:subfield code="a">1 online resource (10 pages) : </marc:subfield>
      <marc:subfield code="b">colour illustrations.</marc:subfield>
    </marc:datafield>
    <marc:datafield tag="336" ind1=" " ind2=" ">
      <marc:subfield code="a">text</marc:subfield>
      <marc:subfield code="b">txt</marc:subfield>
      <marc:subfield code="2">rdacontent</marc:subfield>
    </marc:datafield>
    <marc:datafield tag="337" ind1=" " ind2=" ">
      <marc:subfield code="a">computer</marc:subfield>
      <marc:subfield code="b">c</marc:subfield>
      <marc:subfield code="2">rdamedia</marc:subfield>
    </marc:datafield>
    <marc:datafield tag="338" ind1=" " ind2=" ">
      <marc:subfield code="a">online resource</marc:subfield>
      <marc:subfield code="b">cr</marc:subfield>
      <marc:subfield code="2">rdacarrier</marc:subfield>
    </marc:datafield>
    <marc:datafield tag="490" ind1="1" ind2=" ">
      <marc:subfield code="a">Analysis in brief, </marc:subfield>
      <marc:subfield code="x">1707-0503</marc:subfield>
    </marc:datafield>
    <marc:datafield tag="500" ind1=" " ind2=" ">
      <marc:subfield code="a">Issued also in French under title: Le point sur la main-d'œuvre : portrait démographique du sous-secteur de l'édition, 2015 à 2023.</marc:subfield>
    </marc:datafield>
    <marc:datafield tag="500" ind1=" " ind2=" ">
      <marc:subfield code="a">"Catalogue no. 11‑621‑M."</marc:subfield>
    </marc:datafield>
    <marc:datafield tag="504" ind1=" " ind2=" ">
      <marc:subfield code="a">Includes bibliographical references.</marc:subfield>
    </marc:datafield>
    <marc:datafield tag="520" ind1=" " ind2=" ">
      <marc:subfield code="a">"This paper, the final of a three-study series, seeks to explore the demographic differences among employees in the publishing industries subsector. This includes businesses operating in the newspaper, periodical, and book publishers industries. These industries are heavily influenced by consumer demand and discretionary spending on leisure. Furthermore, the publishing industries have faced many economic challenges in recent years, including declining operating revenues, restructuring efforts, and significant amalgamations and mergers. Inflationary pressures have also affected operational activities and employment in these industries. The paper leverages administrative data to examine the distribution of the workforce by gender, age category and full-time work status. Results in this paper are based solely on employees who received a T4 slip by employers and on self-employed individuals, excluding other employment types such as contract workers"--Page 4.</marc:subfield>
    </marc:datafield>
    <marc:datafield tag="650" ind1=" " ind2="0">
      <marc:subfield code="a">Publishers and publishing</marc:subfield>
      <marc:subfield code="z">Canada</marc:subfield>
      <marc:subfield code="x">Employees</marc:subfield>
      <marc:subfield code="v">Statistics.</marc:subfield>
    </marc:datafield>
    <marc:datafield tag="655" ind1=" " ind2="7">
      <marc:subfield code="a">Statistics</marc:subfield>
      <marc:subfield code="2">lcgft</marc:subfield>
    </marc:datafield>
    <marc:datafield tag="710" ind1="2" ind2=" ">
      <marc:subfield code="a">Statistics Canada, </marc:subfield>
      <marc:subfield code="e">issuing body.</marc:subfield>
    </marc:datafield>
    <marc:datafield tag="775" ind1="0" ind2="8">
      <marc:subfield code="t">Le point sur la main-d'œuvre : </marc:subfield>
      <marc:subfield code="w">(CaOODSP)9.946235</marc:subfield>
    </marc:datafield>
    <marc:datafield tag="830" ind1="#" ind2="0">
      <marc:subfield code="a">Analysis in brief (Statistics Canada)</marc:subfield>
      <marc:subfield code="w">(CaOODSP)9.504715</marc:subfield>
    </marc:datafield>
    <marc:datafield tag="856" ind1="4" ind2="0">
      <marc:subfield code="q">PDF</marc:subfield>
      <marc:subfield code="s">317 KB</marc:subfield>
      <marc:subfield code="u">https://publications.gc.ca/collections/collection_2025/statcan/11-621-m/11-621-m2025002-eng.pdf</marc:subfield>
    </marc:datafield>
    <marc:datafield tag="856" ind1="4" ind2=" ">
      <marc:subfield code="q">HTML</marc:subfield>
      <marc:subfield code="s">N/A</marc:subfield>
      <marc:subfield code="u">https://www150.statcan.gc.ca/n1/pub/11-621-m/11-621-m2025002-eng.htm</marc:subfield>
    </marc:datafield>
    <marc:datafield tag="986" ind1=" " ind2=" ">
      <marc:subfield code="a">11‑621‑M</marc:subfield>
    </marc:datafield>
  </marc:record>
</marc:collection>
